Coffee and Tea Brands Close-Up Quiz Stats

 Plays Quiz Updated Sep 1, 2016

Challenge
Share
Tweet
Score 0/12 Timer 04:00
0 Plays Today
% Correct
Starbucks
98.3%
McCafe
87.3%
Dunkin' Donuts
83%
Lipton
80.8%
Nescafe
77.5%
Folgers
75.7%
Maxwell House
56.2%
Tetley
54.4%
Tim Hortons
53.9%
Celestial Seasonings
48.2%
Twinings of London
36.1%
Seattle's Best
28.8%

You're not logged in!

Compare scores with friends on all Sporcle quizzes.
Join for Free
OR
Log In

You Might Also Like...

Show Comments

Extras

Top Quizzes Today


Score Distribution

Your Account Isn't Verified!

In order to create a playlist on Sporcle, you need to verify the email address you used during registration. Go to your Sporcle Settings to finish the process.

Report this User

Report this user for behavior that violates our Community Guidelines.

Details: